000 00882nam a2200277 i 4500
001 17203
003 ES-MaACL
005 20230906151525.0
007 t|
008 010122s1999 sp ||||0| spa j
020 _a84-95359-05-7
040 _aM-BN
_bspa
_cM-BN
080 _a821.131.1-31"14"
080 _a821.131.1 Colonna, Francesco 7 Hypnerotomachia Poliphili.06
100 1 _aColonna, Francesco.
_939882
245 1 0 _aSueño de Polífilo /
_cFrancesco Colonna ; edición y traducción de Pilar Pedraza.
260 _aBarcelona :
_bEl Acantilado,
_c1999.
300 _a765 p. ;
_c21 cm.
490 1 _aAcantilado ;
_v17
600 1 4 _aColonna, Francesco.
_tHypnerotomachia Poliphili.
_939883
700 1 _aPedraza, Pilar.
_989887
830 0 _aAcantilado ;
_v17
_9182222
852 _aES-MaACL
_jL-24158
_bR.129300
999 _c17203
_d17203